[Event "Remote Jubilee Gr.D email"]
[Site "Remote email"]
[Date "2013.09.02"]
[Round "?"]
[White "Morau, Jose Roberto"]
[Black "Cervenka, Antonin"]
[Result "1-0"]
[WhiteElo "1968"]
[BlackElo "1784"]
[PlyCount "33"]
[EventDate "2013.??.??"]
[EventType "tourn (corr)"]
[EventRounds "10"]
[EventCountry "GER"]
[SourceTitle "Corr 2015"]
[Source "ChessBase"]
[SourceDate "2015.07.17"]
[SourceVersion "1"]
[SourceVersionDate "2015.07.17"]
[SourceQuality "1"]

1. e4 e5 2. Nf3 d6 3. d4 Nd7 4. Bc4 c6 5. Ng5 Nh6 6. 0-0 Nb6 7. Be2 Be7 8. Nf3 Ng4 9. a4 exd4 10. Nxd4 Nf6 11. a5 Nbd7 12. Nc3 0-0 13. a6 c5 14. Nf5 b6 15. f4 h6 16. Bf3 Rb8 17. Nb5 1-0

[Event "Remote Jubilee Gr.D email"]
[Site "Remote email"]
[Date "2013.09.02"]
[Round "?"]
[White "Nackas, Hans Juergen"]
[Black "Cervenka, Antonin"]
[Result "1-0"]
[WhiteElo "2051"]
[BlackElo "1784"]
[PlyCount "61"]
[EventDate "2013.??.??"]
[EventType "tourn (corr)"]
[EventRounds "10"]
[EventCountry "GER"]
[SourceTitle "Corr 2015"]
[Source "ChessBase"]
[SourceDate "2015.07.17"]
[SourceVersion "1"]
[SourceVersionDate "2015.07.17"]
[SourceQuality "1"]

1. d4 Nf6 2. c4 g6 3. Nc3 Bg7 4. Nf3 d6 5. e4 Bg4 6. e5 dxe5 7. Be2 exd4 8. Qxd4 0-0 9. Qf4 Nc6 10. 0-0 Re8 11. Qg3 Bf5 12. Rd1 Qc8 13. Qh4 Nh5 14. Ng5 h6 15. Nge4 Nf6 16. Nxf6+ exf6 17. c5 g5 18. Qa4 Re5 19. Be3 Qe8 20. Nd5 Ne7 21. Qxe8+ Rxe8 22. Nxc7 Rc8 23. Nb5 Nc6 24. Nd6 Rc7 25. Bf3 Be6 26. Nb5 Rc8 27. b3 f5 28. Bd4 Nxd4 29. Nxd4 Bd5 30. b4 Bxf3 31. Nxf3 1-0

[Event "Remote 4er 0232 email"]
[Site "Remote email"]
[Date "2013.07.02"]
[Round "?"]
[White "Carlsen, Torben Erik"]
[Black "Cervenka, Antonin"]
[Result "1-0"]
[WhiteElo "2310"]
[BlackElo "1784"]
[PlyCount "35"]
[EventDate "2013.??.??"]
[EventType "tourn (corr)"]
[EventRounds "6"]
[EventCountry "GER"]
[SourceTitle "Corr 2015"]
[Source "ChessBase"]
[SourceDate "2015.07.17"]
[SourceVersion "1"]
[SourceVersionDate "2015.07.17"]
[SourceQuality "1"]

1. b3 e5 2. Bb2 d6 3. e3 Nf6 4. Nf3 h6 5. Nc3 Nc6 6. d4 exd4 7. exd4 d5 8. Bb5 Qe7+ 9. Ne5 Bd7 10. 0-0 0-0-0 11. Re1 Re8 12. a4 Qb4 13. Qd3 Qe7 14. Bxc6 Bxc6 15. Nb5 Bxb5 16. axb5 Nd7 17. Qh3 Qe6 18. Nd3 1-0

[Event "Remote 4er 0231 email"]
[Site "Remote email"]
[Date "2013.06.13"]
[Round "?"]
[White "Camacho, Carlos Eduardo"]
[Black "Cervenka, Antonin"]
[Result "1-0"]
[WhiteElo "1975"]
[BlackElo "1784"]
[PlyCount "75"]
[EventDate "2013.??.??"]
[EventType "tourn (corr)"]
[EventRounds "6"]
[EventCountry "GER"]
[SourceTitle "Corr 2015"]
[Source "ChessBase"]
[SourceDate "2015.07.17"]
[SourceVersion "1"]
[SourceVersionDate "2015.07.17"]
[SourceQuality "1"]

1. d4 Nf6 2. c4 d5 3. Nf3 e6 4. a3 Be7 5. Nc3 0-0 6. Qc2 h6 7. e4 dxe4 8. Nxe4 Nc6 9. Be3 Nxe4 10. Qxe4 f5 11. Qd3 Bf6 12. b4 a5 13. b5 Ne7 14. Be2 c6 15. a4 g5 16. 0-0 cxb5 17. axb5 b6 18. Rfd1 Bb7 19. Ne5 f4 20. Bc1 Bxe5 21. dxe5 Qxd3 22. Rxd3 Rad8 23. Ba3 Rxd3 24. Bxd3 Rd8 25. Bf1 Kf7 26. Be2 Rd2 27. Bh5+ Ng6 28. Bd6 Be4 29. Bc7 Rc2 30. Bxb6 Ke7 31. f3 Bf5 32. Bxa5 Nxe5 33. c5 Bd3 34. b6 Nc6 35. b7 Rb2 36. Bb6 Kd7 37. g3 fxg3 38. Ra8 1-0

[Event "Remote 4er 0228 email"]
[Site "Remote email"]
[Date "2013.03.12"]
[Round "?"]
[White "Cabrera Trujillo, Claudio Tomas"]
[Black "Cervenka, Antonin"]
[Result "0-1"]
[WhiteElo "1806"]
[BlackElo "1884"]
[PlyCount "108"]
[EventDate "2013.??.??"]
[EventType "tourn (corr)"]
[EventRounds "6"]
[EventCountry "GER"]
[SourceTitle "Corr 2015"]
[Source "ChessBase"]
[SourceDate "2015.07.17"]
[SourceVersion "1"]
[SourceVersionDate "2015.07.17"]
[SourceQuality "1"]

1. e4 e5 2. Nc3 Nf6 3. f4 d5 4. fxe5 Nxe4 5. Nf3 Be7 6. Qe2 Bh4+ 7. Nxh4 Qxh4+ 8. g3 Nxc3 9. dxc3 Qe4 10. Bg2 Qxe2+ 11. Kxe2 Be6 12. Re1 Nd7 13. Kf1 0-0 14. Bf4 c6 15. Rad1 h6 16. h4 Rfe8 17. b3 Bg4 18. Rd2 Nc5 19. a4 Re6 20. a5 Rae8 21. b4 Nd7 22. Kf2 f6 23. Bf3 Bxf3 24. Kxf3 Nxe5+ 25. Kg2 Nc4 26. Rxe6 Rxe6 27. Rf2 a6 28. Kf3 g5 29. hxg5 fxg5 30. Bb8 Rf6+ 31. Ke2 Rxf2+ 32. Kxf2 Kf7 33. Kf3 h5 34. Ke2 Ke6 35. Kd3 h4 36. gxh4 gxh4 37. Bf4 Kf5 38. Bh2 h3 39. Kd4 Ke6 40. Bf4 Nd6 41. Bh2 Nb5+ 42. Kd3 Kf5 43. c4 dxc4+ 44. Kxc4 Ke6 45. Kc5 Kd7 46. c4 Nc3 47. Kd4 Nd1 48. Kc5 Ne3 49. b5 Nf1 50. Bb8 h2 51. Bxh2 Nxh2 52. bxa6 bxa6 53. Kb6 Ng4 54. Kxa6 Kc7 0-1

[Event "Remote Master email"]
[Site "Remote email"]
[Date "2013.02.10"]
[Round "?"]
[White "Cervenka, Antonin"]
[Black "Schneider, Hans"]
[Result "0-1"]
[WhiteElo "1882"]
[BlackElo "2322"]
[PlyCount "54"]
[EventDate "2013.??.??"]
[EventType "swiss (corr)"]
[EventRounds "6"]
[EventCountry "GER"]
[SourceTitle "Corr 2015"]
[Source "ChessBase"]
[SourceDate "2015.07.17"]
[SourceVersion "1"]
[SourceVersionDate "2015.07.17"]
[SourceQuality "1"]

1. e4 e5 2. f4 d5 3. exd5 exf4 4. Qf3 Bd6 5. Bb5+ Nd7 6. Ne2 Ngf6 7. Nbc3 a6 8. Bxd7+ Bxd7 9. 0-0 g5 10. Ne4 Nxe4 11. Qxe4+ Qe7 12. Qxe7+ Bxe7 13. c4 Bf5 14. b3 Bf6 15. d4 Bd3 16. Re1 0-0-0 17. Bb2 Rhe8 18. Kf2 b5 19. Rad1 bxc4 20. Nc1 Bc2 21. bxc4 Bxd1 22. Rxd1 Re4 23. Rd2 g4 24. Nb3 Re3 25. g3 Rde8 26. Nc1 f3 27. c5 Re1 0-1

[Event "Remote 7er 0096 email"]
[Site "Remote email"]
[Date "2013.01.22"]
[Round "?"]
[White "Cervenka, Antonin"]
[Black "Richter, Wolfgang"]
[Result "0-1"]
[WhiteElo "1882"]
[BlackElo "2373"]
[PlyCount "52"]
[EventDate "2013.??.??"]
[EventType "tourn (corr)"]
[EventRounds "6"]
[EventCountry "GER"]
[SourceTitle "Corr 2015"]
[Source "ChessBase"]
[SourceDate "2015.07.17"]
[SourceVersion "1"]
[SourceVersionDate "2015.07.17"]
[SourceQuality "1"]

1. d4 d5 2. c4 dxc4 3. e4 e5 4. Nf3 exd4 5. Bxc4 Nc6 6. Nbd2 Be6 7. 0-0 Qd6 8. e5 Qd7 9. Bb5 a6 10. Bxc6 bxc6 11. b3 Bf5 12. Nc4 c5 13. h3 Ne7 14. Re1 Ng6 15. Ng5 Be7 16. e6 fxe6 17. g4 0-0 18. gxf5 Rxf5 19. Ne4 Nh4 20. f4 Raf8 21. Qg4 h5 22. Qg3 e5 23. Rf1 exf4 24. Bxf4 Rxf4 25. Rxf4 Rxf4 26. Qxf4 Qxh3 0-1

[Event "Remote 7er 0096 email"]
[Site "Remote email"]
[Date "2013.01.22"]
[Round "?"]
[White "Cervenka, Antonin"]
[Black "Sicker, Rolf"]
[Result "0-1"]
[WhiteElo "1784"]
[BlackElo "2371"]
[PlyCount "70"]
[EventDate "2013.??.??"]
[EventType "tourn (corr)"]
[EventRounds "6"]
[EventCountry "GER"]
[SourceTitle "Corr 2015"]
[Source "ChessBase"]
[SourceDate "2015.07.17"]
[SourceVersion "1"]
[SourceVersionDate "2015.07.17"]
[SourceQuality "1"]

1. d4 d5 2. c4 e6 3. Nf3 c6 4. e3 Nf6 5. cxd5 exd5 6. Be2 Bd6 7. Nc3 0-0 8. Qc2 g6 9. 0-0 Re8 10. h3 Bf5 11. Bd3 Bxd3 12. Qxd3 Ne4 13. Nd2 f5 14. Ncxe4 fxe4 15. Qb3 Qb6 16. Qxb6 axb6 17. Nb3 Nd7 18. Bd2 b5 19. a3 Nb6 20. Nc5 Bxc5 21. dxc5 Na4 22. b4 Nb2 23. Bc1 Nd3 24. Bd2 Ne5 25. Ra2 Ra4 26. Rfa1 Rea8 27. Kf1 Kf7 28. Ke2 g5 29. f3 Nc4 30. fxe4 dxe4 31. Bc1 Rd8 32. Bd2 Ke6 33. Rd1 Nxa3 34. Bc1 Rxd1 35. Kxd1 Nc4 0-1

[Event "Remote 11er 0042 email"]
[Site "Remote email"]
[Date "2012.12.22"]
[Round "?"]
[White "Cervenka, Antonin"]
[Black "Floegel, Peter"]
[Result "0-1"]
[WhiteElo "1884"]
[BlackElo "2206"]
[PlyCount "58"]
[EventDate "2012.??.??"]
[EventType "tourn (corr)"]
[EventRounds "10"]
[EventCountry "GER"]
[SourceTitle "Corr 2015"]
[Source "ChessBase"]
[SourceDate "2015.07.17"]
[SourceVersion "1"]
[SourceVersionDate "2015.07.17"]
[SourceQuality "1"]

1. c4 e5 2. Nc3 Nf6 3. e3 Nc6 4. Nf3 Be7 5. d4 exd4 6. exd4 d5 7. cxd5 Nxd5 8. Bb5 0-0 9. Bxc6 bxc6 10. 0-0 Nxc3 11. bxc3 Qd5 12. Re1 Bd6 13. Ne5 c5 14. Qb3 Bb7 15. Qxd5 Bxd5 16. dxc5 Bxc5 17. Nd7 Rfe8 18. Bd2 Bd6 19. Be3 Bc6 20. Nc5 Rxe3 21. fxe3 Bxc5 22. Kf2 f5 23. g3 g5 24. Ke2 Bb5+ 25. Kf3 Re8 26. g4 Bc6+ 27. Kg3 Bd6+ 28. Kh3 Bf3 29. gxf5 Re4 0-1

[Event "Remote 7er 0091 email"]
[Site "Remote email"]
[Date "2012.07.30"]
[Round "?"]
[White "Cabrera Trujillo, Claudio Tomas"]
[Black "Cervenka, Antonin"]
[Result "0-1"]
[WhiteElo "1810"]
[BlackElo "1868"]
[PlyCount "72"]
[EventDate "2012.??.??"]
[EventType "tourn (corr)"]
[EventRounds "6"]
[EventCountry "GER"]
[SourceTitle "Corr 2015"]
[Source "ChessBase"]
[SourceDate "2015.07.17"]
[SourceVersion "1"]
[SourceVersionDate "2015.07.17"]
[SourceQuality "1"]

1. e4 e5 2. Nf3 d6 3. d4 Nd7 4. Bc4 c6 5. Nc3 Be7 6. Be3 h6 7. 0-0 Ngf6 8. a4 exd4 9. Nxd4 Nb6 10. Bb3 Bg4 11. f3 Bh5 12. a5 Nbd7 13. Nf5 0-0 14. Nxd6 Bxd6 15. Qxd6 Ne8 16. Qg3 Kh8 17. Qh3 Nef6 18. Rfd1 Qe7 19. Bf4 Ne5 20. Ne2 Bg6 21. Rd2 Rad8 22. Rad1 Rxd2 23. Rxd2 Qc5+ 24. Kf1 Qxa5 25. Nc3 Qa6+ 26. Kf2 Nc4 27. Re2 Na5 28. Be5 Nh7 29. Qxh6 f6 30. Qxg6 fxe5 31. Rd2 Qb6+ 32. Kf1 Nxb3 33. Rd7 Rg8 34. cxb3 Qxb3 35. Nd1 c5 36. h4 Qb5+ 0-1

[Event "Remote 7er 0091 email"]
[Site "Remote email"]
[Date "2012.07.30"]
[Round "?"]
[White "Cervenka, Antonin"]
[Black "Richter, Wolfgang"]
[Result "0-1"]
[WhiteElo "1868"]
[BlackElo "2373"]
[PlyCount "38"]
[EventDate "2012.??.??"]
[EventType "tourn (corr)"]
[EventRounds "6"]
[EventCountry "GER"]
[SourceTitle "Corr 2015"]
[Source "ChessBase"]
[SourceDate "2015.07.17"]
[SourceVersion "1"]
[SourceVersionDate "2015.07.17"]
[SourceQuality "1"]

1. e4 e5 2. d4 exd4 3. c3 dxc3 4. Bc4 cxb2 5. Bxb2 Bb4+ 6. Nc3 Nf6 7. Qc2 Qe7 8. 0-0-0 d6 9. Nf3 0-0 10. Rhe1 Be6 11. Bxe6 fxe6 12. e5 dxe5 13. Rxe5 Nc6 14. Re2 Rfd8 15. Rde1 Rd6 16. a3 Bxc3 17. Bxc3 Nd5 18. Qb3 Nf4 19. Rd2 Nd3+ 0-1

[Event "Remote 11er 0041 email"]
[Site "Remote email"]
[Date "2012.06.09"]
[Round "?"]
[White "Bonow, Valdir Maas"]
[Black "Cervenka, Antonin"]
[Result "1-0"]
[WhiteElo "2001"]
[BlackElo "1848"]
[PlyCount "51"]
[EventDate "2012.??.??"]
[EventType "tourn (corr)"]
[EventRounds "10"]
[EventCountry "GER"]
[SourceTitle "Corr 2015"]
[Source "ChessBase"]
[SourceDate "2015.07.17"]
[SourceVersion "1"]
[SourceVersionDate "2015.07.17"]
[SourceQuality "1"]

1. e4 c5 2. Nf3 d6 3. d4 cxd4 4. Nxd4 Nf6 5. Nc3 g6 6. Be3 Bg7 7. Be2 0-0 8. Qd2 Nc6 9. 0-0-0 Nd7 10. Kb1 a6 11. Nxc6 bxc6 12. f4 Qa5 13. Bd4 Rb8 14. Bxg7 Kxg7 15. Rhe1 Nc5 16. f5 Bd7 17. Bc4 Qb6 18. Bb3 Nxb3 19. axb3 f6 20. g4 Be8 21. g5 fxg5 22. Qxg5 Rf6 23. e5 dxe5 24. Rxe5 Rb7 25. Ne4 h6 26. Rxe7+ 1-0

[Event "Remote 11er 0041 email"]
[Site "Remote email"]
[Date "2012.06.09"]
[Round "?"]
[White "Cervenka, Antonin"]
[Black "Schneider, Hans"]
[Result "0-1"]
[WhiteElo "1848"]
[BlackElo "2355"]
[PlyCount "42"]
[EventDate "2012.??.??"]
[EventType "tourn (corr)"]
[EventRounds "10"]
[EventCountry "GER"]
[SourceTitle "Corr 2015"]
[Source "ChessBase"]
[SourceDate "2015.07.17"]
[SourceVersion "1"]
[SourceVersionDate "2015.07.17"]
[SourceQuality "1"]

1. d4 Nf6 2. Nf3 g6 3. e3 Bg7 4. c3 d5 5. Nbd2 0-0 6. Be2 c5 7. h3 Qc7 8. dxc5 Qxc5 9. Nb3 Qc7 10. Bd3 e5 11. Bc2 b6 12. Nbd2 Ba6 13. Nf1 Nc6 14. Ng3 Rfe8 15. Ba4 d4 16. Bd2 Rad8 17. cxd4 exd4 18. Qc2 dxe3 19. Bxc6 exd2+ 20. Kd1 Qxg3 21. Bxe8 Qxg2 0-1

[Event "Remote 11er 0041 email"]
[Site "Remote email"]
[Date "2012.06.09"]
[Round "?"]
[White "Morau, Jose Roberto"]
[Black "Cervenka, Antonin"]
[Result "0-1"]
[WhiteElo "2082"]
[BlackElo "1848"]
[PlyCount "124"]
[EventDate "2012.??.??"]
[EventType "tourn (corr)"]
[EventRounds "10"]
[EventCountry "GER"]
[SourceTitle "Corr 2015"]
[Source "ChessBase"]
[SourceDate "2015.07.17"]
[SourceVersion "1"]
[SourceVersionDate "2015.07.17"]
[SourceQuality "1"]

1. e4 e5 2. Nf3 d6 3. Bc4 Be6 4. Bxe6 fxe6 5. d4 Nc6 6. Bg5 Be7 7. Bxe7 Qxe7 8. dxe5 dxe5 9. 0-0 Rd8 10. Nbd2 Nf6 11. Re1 0-0 12. c3 Nh5 13. Qb3 Qf6 14. Kh1 Qh6 15. Nc4 Nf4 16. Qxb7 Nxg2 17. Rg1 Rxf3 18. Rxg2 Nb8 19. Nxe5 Rff8 20. Qxc7 g6 21. Qxa7 Qh5 22. Nd3 Rxd3 23. Rag1 Rd1 24. Qe3 Rxg1+ 25. Rxg1 Qf3+ 26. Qxf3 Rxf3 27. Kg2 Rd3 28. a4 Na6 29. a5 Nc5 30. Ra1 Rd7 31. b4 Nxe4 32. c4 Ra7 33. Re1 Nd2 34. Rxe6 Nxc4 35. a6 Kf7 36. Rc6 Ne5 37. Rb6 Nd7 38. Rb7 Rxb7 39. axb7 Ke6 40. Kg3 Kf5 41. f3 h6 42. h4 Nb8 43. b5 Nd7 44. f4 h5 45. Kf3 Nb8 46. b6 Nd7 47. Kg3 Ke4 48. Kf2 Kxf4 49. Ke2 Kg4 50. Ke3 Kxh4 51. Ke4 Kg4 52. Kd5 h4 53. Kd6 Nb8 54. Kc7 Na6+ 55. Kc8 h3 56. b8Q Nxb8 57. Kxb8 h2 58. b7 h1Q 59. Kc7 Qxb7+ 60. Kxb7 Kf3 61. Kc6 g5 62. Kd5 g4 0-1

[Event "Remote 11er 0040 email"]
[Site "Remote email"]
[Date "2012.06.03"]
[Round "?"]
[White "Cervenka, Antonin"]
[Black "Tabbert, Dirk"]
[Result "1-0"]
[WhiteElo "1858"]
[BlackElo "2099"]
[PlyCount "65"]
[EventDate "2012.??.??"]
[EventType "tourn (corr)"]
[EventRounds "10"]
[EventCountry "GER"]
[SourceTitle "Corr 2015"]
[Source "ChessBase"]
[SourceDate "2015.07.17"]
[SourceVersion "1"]
[SourceVersionDate "2015.07.17"]
[SourceQuality "1"]

1. e4 c6 2. d4 d5 3. exd5 cxd5 4. c4 dxc4 5. Qa4+ Nc6 6. Be3 Qa5+ 7. Qxa5 Nxa5 8. Na3 a6 9. Nxc4 Nxc4 10. Bxc4 e6 11. Nf3 b5 12. Be2 Bb4+ 13. Nd2 Bb7 14. f3 Ne7 15. a3 Ba5 16. b4 Bb6 17. Nb3 Nf5 18. Bf2 Rd8 19. 0-0-0 0-0 20. Nc5 Rc8 21. Kb2 Rc7 22. Rd3 a5 23. g4 Bxc5 24. dxc5 Ne7 25. Bg3 Bxf3 26. Bxf3 Ra7 27. Rhd1 axb4 28. axb4 h6 29. Bd6 Re8 30. c6 Nc8 31. Bb8 Rae7 32. Rd8 Kf8 33. c7 1-0

[Event "Remote 11er 0040 email"]
[Site "Remote email"]
[Date "2012.06.03"]
[Round "?"]
[White "Santos, Pedro Miguel da Ros"]
[Black "Cervenka, Antonin"]
[Result "0-1"]
[WhiteElo "1761"]
[BlackElo "1858"]
[PlyCount "74"]
[EventDate "2012.??.??"]
[EventType "tourn (corr)"]
[EventRounds "10"]
[EventCountry "GER"]
[SourceTitle "Corr 2015"]
[Source "ChessBase"]
[SourceDate "2015.07.17"]
[SourceVersion "1"]
[SourceVersionDate "2015.07.17"]
[SourceQuality "1"]

1. e4 e5 2. Nf3 Nc6 3. Bc4 Bc5 4. c3 Nf6 5. d3 h6 6. a3 a6 7. 0-0 d6 8. b4 Ba7 9. Qb3 0-0 10. a4 Bd7 11. a5 Ne7 12. Re1 Ng6 13. Nbd2 c6 14. d4 Bg4 15. Ba3 Qc7 16. dxe5 dxe5 17. b5 cxb5 18. Bxf8 bxc4 19. Qxc4 Qxc4 20. Nxc4 Bxf3 21. gxf3 Nxf8 22. Nxe5 Rc8 23. Rab1 Rxc3 24. Rxb7 Bd4 25. Nxf7 Rxf3 26. Re2 Ng4 27. Nd6 g6 28. Nc4 Rc3 29. Ne3 Bxe3 30. fxe3 Ra3 31. Kg2 Rxa5 32. Kg3 h5 33. h3 Nf6 34. Kf3 N8d7 35. Rd2 Kf7 36. Rbxd7+ Nxd7 37. Rxd7+ Ke6 0-1

[Event "Remote 7er 0090 email"]
[Site "Remote email"]
[Date "2012.05.14"]
[Round "?"]
[White "Cervenka, Antonin"]
[Black "Paz y Barriga, Gustavo"]
[Result "0-1"]
[WhiteElo "1848"]
[BlackElo "2029"]
[PlyCount "46"]
[EventDate "2012.??.??"]
[EventType "tourn (corr)"]
[EventRounds "6"]
[EventCountry "GER"]
[SourceTitle "Corr 2015"]
[Source "ChessBase"]
[SourceDate "2015.07.17"]
[SourceVersion "1"]
[SourceVersionDate "2015.07.17"]
[SourceQuality "1"]

1. d4 d5 2. c4 Nf6 3. Nf3 e6 4. Bg5 h6 5. Bxf6 Bb4+ 6. Nc3 Qxf6 7. Qa4+ Nc6 8. Ne5 Bd7 9. Nxd7 Qxd4 10. Rc1 Qxc4 11. Qd1 Kxd7 12. a3 Bxc3+ 13. Rxc3 Qe4 14. e3 Rad8 15. f3 Qg6 16. Qb3 Kc8 17. Kf2 d4 18. Bd3 dxe3+ 19. Kxe3 Qxg2 20. Rhc1 f5 21. f4 e5 22. Bxf5+ Kb8 23. Rc4 Rd2 0-1

[Event "Remote 7er 0090 email"]
[Site "Remote email"]
[Date "2012.05.14"]
[Round "?"]
[White "Vetter, Udo"]
[Black "Cervenka, Antonin"]
[Result "0-1"]
[WhiteElo "1791"]
[BlackElo "1848"]
[PlyCount "64"]
[EventDate "2012.??.??"]
[EventType "tourn (corr)"]
[EventRounds "6"]
[EventCountry "GER"]
[SourceTitle "Corr 2015"]
[Source "ChessBase"]
[SourceDate "2015.07.17"]
[SourceVersion "1"]
[SourceVersionDate "2015.07.17"]
[SourceQuality "1"]

1. e4 e5 2. Nf3 d6 3. Bc4 Be6 4. Bxe6 fxe6 5. d4 Nc6 6. c3 exd4 7. cxd4 Be7 8. Nc3 Nf6 9. 0-0 0-0 10. Re1 d5 11. e5 Nd7 12. Qd2 a6 13. Ng5 Bxg5 14. Qxg5 Qxg5 15. Bxg5 Nxd4 16. Rac1 Rf5 17. Be3 Nc6 18. f4 d4 19. Bf2 dxc3 20. Rxc3 Raf8 21. g3 Ndxe5 22. Bc5 Rd8 23. fxe5 Nxe5 24. Rf1 Rxf1+ 25. Kxf1 Kf7 26. Re3 Rd5 27. Bb4 Ng4 28. Rf3+ Rf5 29. Kg2 Rxf3 30. Kxf3 Nxh2+ 31. Kf4 h5 32. Kg5 g6 0-1